书目信息 |
| 题名: |
连锁经营企业物流管理
|
|
| 作者: | 赵蕾 , 田玉丽 主编 | |
| 分册: | ||
| 出版信息: | 北京 北京师范大学出版社 2014 |
|
| 页数: | 296页 | |
| 开本: | 26cm | |
| 丛书名: | ||
| 单 册: | ||
| 中图分类: | F717.6 | |
| 科图分类: | ||
| 主题词: | 连锁企业--物流--物资管理--高等学校--教材 | |
| 电子资源: | ||
| ISBN: | 978-7-303-16716-6 | |
| 000 | 01058nam0 2200253 450 | |
| 001 | 338136 | |
| 005 | 20150601164359.95 | |
| 010 | @a978-7-303-16716-6@dCNY33.80 | |
| 100 | @a20140507d2014 em y0chiy50 ea | |
| 101 | 0 | @achi |
| 102 | @aCN@b110000 | |
| 105 | @ay z 000yy | |
| 106 | @ar | |
| 200 | 1 | @a连锁经营企业物流管理@Alian suo jing ying qi ye wu liu guan li@f赵蕾, 田玉丽主编 |
| 210 | @a北京@c北京师范大学出版社@d2014 | |
| 215 | @a296页@d26cm | |
| 300 | @a连锁经营管理人才创新培养系列教材 高等院校连锁经营与管理专业系列教材/张可成总主编 | |
| 330 | @a本书分为两大部分, 第一部分为理论篇, 介绍了连锁经营物流管理的基本概念、系统要素及物流重点环节的管理, 包括连锁经营配送管理、库存管理、信息系统管理和供应链管理;第二部分为实务篇, 选取了连锁超市、连锁餐饮及连锁酒店三大代表性业务, 介绍了连锁经营物流管理的实践运作过程。 | |
| 606 | 0 | @a连锁企业@x物流@x物资管理@x高等学校@j教材 |
| 690 | @aF717.6@v5 | |
| 701 | 0 | @a赵蕾@Azhao lei@4主编 |
| 701 | 0 | @a田玉丽@Atian yu li@c(女)@4主编 |
| 801 | 0 | @aCN@b卓展宏图@c20150525 |
| 905 | @dF717.6@e739@f4 | |
| 连锁经营企业物流管理/赵蕾, 田玉丽主编.-北京:北京师范大学出版社,2014 |
| 296页;26cm |
| 连锁经营管理人才创新培养系列教材 高等院校连锁经营与管理专业系列教材/张可成总主编 |
| ISBN 978-7-303-16716-6:CNY33.80 |
| 本书分为两大部分, 第一部分为理论篇, 介绍了连锁经营物流管理的基本概念、系统要素及物流重点环节的管理, 包括连锁经营配送管理、库存管理、信息系统管理和供应链管理;第二部分为实务篇, 选取了连锁超市、连锁餐饮及连锁酒店三大代表性业务, 介绍了连锁经营物流管理的实践运作过程。 |
| ● |
| 相关链接 |
|
|
|
|
正题名:连锁经营企业物流管理
索取号:F717.6/739
 
预约/预借
| 序号 | 登录号 | 条形码 | 馆藏地/架位号 | 状态 | 备注 |
| 1 | 857499 | 208574997 | 第一样本阅览室/ [索取号:F717.6/739] | 在馆 | |
| 2 | 857500 | 208575004 | 第一借阅区/ [索取号:F717.6/739] | 在馆 | |
| 3 | 857501 | 208575013 | 密集书库-海洋学院/ [索取号:F717.6/739] | 在馆 | |
| 4 | 857502 | 208575022 | 第一借阅区/ [索取号:F717.6/739] | 在馆 |